Countries where fewest Residents live in the Biggest City - Statistics

General Stats
  • This quiz has been taken 17 times
  • The average score is 17 of 32
Answer Stats
Percentage of Pop. Answer % Correct
6.9 United States
100%
2.4 China
93%
3.4 India
93%
10.2 Brazil
80%
5.3 Niger
80%
10.4 Nigeria
80%
7.2 Pakistan
80%
9 Russia
80%
7.5 Germany
73%
4.1 Ethiopia
60%
10 Kazakhstan
60%
8.2 Ukraine
60%
5.8 Bangladesh
53%
4 Nepal
53%
8.3 Poland
53%
5.3 South Sudan
47%
4.8 Switzerland
47%
7.7 Tanzania
47%
7.5 Uzbekistan
47%
1.6 Belgium
40%
6.2 Madagascar
40%
5.5 Malawi
40%
6.9 Nauru
40%
5.9 Benin
33%
6.3 Micronesia
33%
5.8 Mozambique
33%
4.8 Papua New Guinea
33%
10.1 Burundi
27%
10.1 Chad
27%
8.6 Eswatini
13%
6 Trinidad and Tobago
13%
6.9 Comoros
7%
No matching quizzes found
Score Distribution
Percent of People with Each Score
Percentile by Number Answered
Your Score History
You have not taken this quiz